Statistics for 50 State Slogans

Click here to take the quiz!

General Stats

  • This quiz has been taken 12 times
  • The average score is 15 of 50

Answer Stats

HintAnswer% Correct
OhioThe Buckeye State
86%
New YorkThe Empire State
71%
FloridaThe Sunshine State
71%
New JerseyThe Garden State
57%
ArizonaThe Grand Canyon State
57%
TexasThe Lone Star State
57%
Rhode IslandThe Ocean State
57%
HawaiiThe Aloha State
43%
ConnecticutThe Constitution State
43%
WashingtonThe Evergreen State
43%
DelawareThe First State
43%
IdahoThe Gem State
43%
AlaskaThe Last Frontier
43%
MississippiThe Magnolia State
43%
West VirginiaThe Mountain State
43%
GeorgiaThe Peach State
43%
IllionoisThe Prairie State
43%
TennesseeThe Volunteer State
43%
WisconsinThe Badger State
29%
MassachusettsThe Bay State
29%
OregonThe Beaver State
29%
ColoradoThe Centennial State
29%
WyomingThe Equality State/The Cowboy State
29%
CaliforniaThe Golden State
29%
New HampshireThe Granite State
29%
MichiganThe Great Lakes State
29%
VermontThe Green Mountain State
29%
IndianaThe Hoosier State
29%
PennsylvaniaThe Keystone State
29%
ArkanasasThe Natural State
29%
MissouriThe Show Me State
29%
NevadaThe Silver State
29%
OklahomaThe Sooner State
29%
KansasThe Sunflower State
29%
AlabamaYellowhammer State
29%
NebraskaThe Cornhusker State
14%
IowaThe Hawkeye State
14%
New MexicoThe Land of Enchantment
14%
South DakotaThe Mount Rushmore State
14%
MinnesotaThe North Star State
14%
LouisianaThe Pelican State
14%
North CarolinaThe Tar Heel State
14%
UtahThe Beehive State
0%
KentuckyThe Bluegrass State
0%
VirginiaThe Old Dominion State
0%
MarylandThe Old Line State
0%
South CarolinaThe Palmetto State
0%
North DakotaThe Peace Garden State
0%
MaineThe Pine Tree State
0%
MontanaThe Treasure State
0%

Score Distribution

Percentile by Number Answered

Percent of People with Each Score

Your Score History

You have not taken this quiz